LIBRARY & INFORMATION CENTRE, KCAET, TAVANUR

ONLINE PUBLIC ACCESS CATALOGUE (OPAC)

Mechanical engineering design / (Record no. 2017)

MARC details
000 -LEADER
fixed length control field 00313cam a2200121ua 4500
020 ## - INTERNATIONAL STANDARD BOOK NUMBER
ISBN 0-07-056898-7
082 ## - DEWEY DECIMAL CLASSIFICATION NUMBER
Classification number 621.815
Item number SHI/ME
100 ## - MAIN ENTRY--AUTHOR NAME
Personal name Shigley, Joseph Edward .
245 ## - TITLE STATEMENT
Title Mechanical engineering design /
260 ## - PUBLICATION, DISTRIBUTION, ETC. (IMPRINT)
Place of publication New York :
Name of publisher McGraw Hill Book Company ,
Year of publication 1986.
300 ## - PHYSICAL DESCRIPTION
Number of Pages 698 ; .
942 ## - ADDED ENTRY ELEMENTS (KOHA)
Koha item type Books
Holdings
Withdrawn status Lost status Damaged status Home library Current library Date acquired Full call number Accession Number Koha item type
      KAUAET KAUAET 07/04/2012 621.815 16925 Books
free website counter